Nuevas formas de liderazgo en equipos de trabajo (Record no. 155129)

MARC details
000 -CABECERA
campo de control de longitud fija 00682cab a2200217 ab4500
005 - FECHA Y HORA DE LA ÚLTIMA TRANSACCIÓN
campo de control 20260416141102.0
008 - ELEMENTOS DE LONGITUD FIJA--INFORMACIÓN GENERAL
campo de control de longitud fija 991125c2011 sp tr p 000 spa d
003 - IDENTIFICADOR DEL NÚMERO DE CONTROL
campo de control
035 ## - NÚMERO DE CONTROL DEL SISTEMA
Número de control de sistema UPN01000183026
040 ## - FUENTE DE LA CATALOGACIÓN
Centro catalogador/agencia de origen MX-MxUPN
Lengua de catalogación spa
Centro/agencia transcriptor MX-MxUPN
Normas de descripción aacr
100 1# - ASIENTO PRINCIPAL--NOMBRE PERSONAL
Nombre de persona Gil, Francisco
245 1# - MENCIÓN DE TÍTULO
Título Nuevas formas de liderazgo en equipos de trabajo
530 ## - NOTA DE FORMATO FÍSICO ADICIONAL DISPONIBLE
Nota de formato físico adicional disponible Disponible tambien en formato electronico
653 0# - TERMINO DE INDIZACION - NO CONTROLADO
Término no controlado Equipos de trabajo
650 04 - ASIENTO SECUNDARIO DE MATERIA - TERMINO TEMATICO
Término de materia o nombre geográfico como elemento de entrada Liderazgo
9 (RLIN) 5345
773 ## - ENLACE AL DOCUMENTO FUENTE/ENTRADA DE REGISTRO ANFITRIÓN
Parte(s) relacionada(s) Vol. 32, no. 1 (2011), p. 38-47
Título Papeles del psicólogo
Número Internacional Normalizado para Publicaciones Seriadas 0214-7823
856 4# - LOCALIZACIÓN Y ACCESO ELECTRÓNICOS
Identificador Uniforme del Recurso <a href="https://www.papelesdelpsicologo.es/pdf/1917.pdf">https://www.papelesdelpsicologo.es/pdf/1917.pdf</a>
902 ## - ELEMENTOS DE DATOS B LOCAL, LDB (RLIN)
Creó Lorena Izquierdo 160426
942 ## - ELEMENTOS DE PUNTO DE ACCESO ADICIONAL (KOHA)
Tipo de ítem Koha Artículo Impreso
905 ## - TIPO DE MATERIAL
Tipo de material Articulo
Holdings
Estado de retiro Estado de pérdida Estado dañado No para préstamo Código de colección Localización permanente Ubicación/localización actual Ubicación en estantería Fecha de adquisición Total de préstamos Fecha visto por última vez Identificador Uniforme del Recurso Precio válido a partir de Tipo de ítem Koha
      Disponible (Préstamo en sala) Revistas Bib. Gregorio Torres Quintero Bib. Gregorio Torres Quintero Hemeroteca Sótano 16/04/2026   16/04/2026 https://www.papelesdelpsicologo.es/pdf/1917.pdf 16/04/2026 Artículo Impreso